LEADER 00723nam a2200193 i 4500 001 000000035833 003 CaOOAMICUS 005 20121205000000.0 008 121205s1823 it u000 u ita u 013 $a4699 026 $ae.ta o.in Ilra made (7) 1823 (A) 040 $aSeMil$bita 245 10$aTomo 1. 300 $a439 p., [1] c. di tav. :$bill. 500 $aSegn. : A-S12 T4. 773 0 $aLiguori, Alfonso Maria : de' $tVerità della fede opera del beato Alfonso Maria De Liguori. Tomo 1. [-2.].$dMonza : Luca Corbetta, 1832-1834.$g1$w()27773 850 $aSeMil 852 $aSeMil$W1$xVenegono$y1$m2E I 33 FA$j1988$B1988$CSeMilBibl$Z2$F1988 $8I 996 $6245$aTomo 1$9(OLS)http://semarc/title/46685 LEADER 01058nam a2200253 i 4500 001 000000046906 003 CaOOAMICUS 005 20120312000000.0 008 120312s1983 it u000 u ita u 013 $a18076 040 $aSeMil$bita 100 1 $aSommaruga, Germana.$0(OLS)http://semarc/name/16996 245 10$aVocazione secolare e consigli evangelici /$cGermana Sommaruga. 260 $aMilano :$bO.R.,$c1983. 300 $a89 p. ;$c20 cm. 490 0 $aGli Istituti Secolari nella Chiesa contemporanea ;$v7 500 $aContiene : Bibliografia. 650 4$aVocazioni religiose.$0(OLS)http://semarc/subject/5585 650 4$aIstituti secolari.$0(OLS)http://semarc/subject/5771 830 4$aGli Istituti Secolari nella Chiesa contemporanea ;$v7.$0(OLS)http://semarc/title/10576 850 $aSeMil 852 $aSeMil$W1$xVenegono$y1$m2C II 378$j13061$B13061$CSeMilBibl$Z2$F13061 $81 996 $6245$aVocazione secolare e consigli evangelici$9(OLS)http://semarc/title/70389 996 $6260$aMilano :$bO.R.$9(OLS)http://semarc/publisher/29789